| 000 | 00560pab a2200205 454500 | ||
|---|---|---|---|
| 008 | 180718b2011 xxu||||| |||| 00| 0 eng d | ||
| 100 | _aRamesh Chand | ||
| 245 | _aFarm size and productivity: Understanding the strengths of smallholders and improving their livelihoods | ||
| 260 | _c2011 | ||
| 300 | _ap.5-11. | ||
| 362 | _aSupplement | ||
| 650 | _aAgriculture | ||
| 650 | _aFarmers | ||
| 650 | _aFarm size | ||
| 700 | _aSingh, Aruna | ||
| 700 | _aLakshmi Prasanna, P.A. | ||
| 773 | _aEconomic and Political Weekly | ||
| 908 | _aN | ||
| 909 | _a92233 | ||
| 999 |
_c92233 _d92233 |
||